Normal view
MARC view
Entry Personal Name
001 - CONTROL NUMBER
- control field: 49724
003 - CONTROL NUMBER IDENTIFIER
- control field: ARRUPE
005 - DATE AND TIME OF LATEST TRANSACTION
- control field: 20200319103717.0
008 - FIXED-LENGTH DATA ELEMENTS
- fixed length control field: 200319|| aca||aabn | a|a d
040 ## - CATALOGING SOURCE
- Original cataloging agency: ARRUPE
- Transcribing agency: ARRUPE
100 ## - HEADING--PERSONAL NAME
- Personal name: Dharmaraj, Jacob S.
670 ## - SOURCE DATA FOUND
- Source citation: Work cat.: (ARRUPE): Dharmaraj, Glory E. 49722, A theology of mutuality, 2014